000 01470nam a2200361 i 4500
001 000021052
003 DO-SdBNP
005 20250923092624.0
007 ta
008 100830t2001 dr ac 001 0dspa d
040 _aDO-SdBNP
_bspa
_cBNPHU
_erda
041 _aspa
049 _aBNPD
082 4 _a972.93053
_bG216t 2001
_222
100 1 _aGarcía Michel, Eduardo,
_eautor
_4aut.
_99281
245 1 0 _a30 de mayo :
_bTrujillo ajusticiado /
_cEduardo García Michel ; prólogo, Emilio Cordero Michel.
246 1 4 _aTreinta de mayo :
_bTrujillo ajusticiado
250 _aSegunda edición ampliada y revisad
264 4 _aSanto Domingo :
_bSusaeta, Ediciones Dominicanas, Cpor A.,
_c©2001.
300 _axxiii, 338 páginas :
_bilustraciones, retratos ;
_c24 cm.
336 _atexto
_btxt
_2rdacontent
337 _asin mediación
_bn
_2rdamedia
338 _avolumen
_bnc
_2rdacarrier
500 _aIncluye datos biográficos del autor en la solapa de la cubierta.
500 _aIncluye referencias bibliográficas y notas al pie de las páginas.
590 _aInventariado, 2025/BT
600 1 0 _aTrujillo Molina, Rafael Leónidas,
_d1891-1961
_xMuerte
_910869
650 4 _aDelitos contra jefes de estado
_944033
651 4 _aRepública Dominicana
_xHistoria
_yEra de Trujillo 1930-1961
_xRelatos Personales
_929001
700 1 _aCordero Michel, Emilio,
_d1929-2018
_eprologuista
_4pr.
_944029
910 _aValidado. Control de calidad EMS.
942 _2ddc
_cLBS1
999 _c20555
_d20555